01623cam a2200337 a 450000100100000000500170001000800410002702000150006803500190008303500200010204000300012205000250015205100790017708200220025610000330027824500950031126000650040630000330047150001280050450400660063260000540069865100390075265000830079160000640087470000410093871000630097971000730104291000340111595201210114999900150127000000762820200929154234.0950120s1994 flua bc 001 0 eng d a0935761071 a(DLC) 95135344 a(OCoLC)31861301 aDO-SdBNPbspacBNPHUdDLC00aNE2325.5.M5bA4 1994 aNE2325.5.M5bA4 1994 Copy 3cProvenance: Gift of Jay I. Kislak Foundation. a769.92220bC965m1 aCueto, Emilio,d1944-92112210aMialhe's colonial Cuba :bthe prints that shaped the world's view of Cuba /cEmilio Cueto. aMiami :bHistorical Association of Southern Florida,cc1994. avii, 132 p. :bil. ;c22 cm. aCatálogo de una exposición celebrada en el Museo Histórico del Sur de la Florida de 6 de octubre 1994-enero 30, 1995. aIncluye referencias bibliográficas (p. 125-128) e índice.10aMialhe, Frederic,d1810-1881vExhibitions.921163 0aCubavIin artvExhibitions.921164 0aLithographyxPrivate collectionszWashington (D.C.{Rpara}vExhibitions.92116510aCueto, Emilio,d1944-xArt collectionsvExhibitions.9211661 aMialhe, Frederic,d1810-1881.9211671 aHistorical Museum of Southern Florida (Miami, Fla.)9211261 aJay I. Kislak Reference Collection (Library of Congress)5DLC921168 aCatalogación por copia / LC 001052708MOaGRbGRcCTd2009-09-09iLF1l0o769.92 C965mp7628-10r2020-06-25w2020-06-25y2ZPréstamo interno c7408d7408